Fundamentals of Enzyme Kinetics /

Guardado en:
Detalles Bibliográficos
Autor principal: Cornish-Bowden, Athel (Autor)
Formato: Libro
Lenguaje:inglés
Publicado: London : Portland Press Ltd, 1995
Edición:Revised edition
Etiquetas: Agregar Etiqueta
Sin Etiquetas, Sea el primero en etiquetar este registro!

MARC

LEADER 00000nam a22000003a 4500
001 stu23639
005 20150617225747.8
008 951211s1995----uk------------------eng-d
020 |a 1-85578-072-0 
040 |a STU  |b slo 
041 0 |a eng 
044 |a uk 
080 |a 577.15 
100 1 |a Cornish-Bowden, Athel  |4 aut 
245 1 |a Fundamentals of Enzyme Kinetics /  |c [aut.]Cornish-Bowden,Athel 
250 |a Revised edition 
260 |a London :  |b Portland Press Ltd,  |c 1995 
300 |a 343 s :  |b Grafy,lit.,index 
996 |b C93908  |c C*93908  |l CCXVIII  |s P  |a 0  |w stu23639_0001